书目信息 |
| 题名: |
英语练习册
|
|
| 作者: | 赵雯 主编 | |
| 分册: | 上册 | |
| 出版信息: | 北京 高等教育出版社 2006.08 |
|
| 页数: | 81页 | |
| 开本: | 20cm | |
| 丛书名: | ||
| 单 册: | ||
| 中图分类: | G634.415 | |
| 科图分类: | ||
| 主题词: | 教育--各级 | |
| 电子资源: | ||
| ISBN: | 978-7-04-020261-8 | |
| 000 | 00619nam0 2200217 45 | |
| 001 | 1143844156 | |
| 005 | 20111229121510.07 | |
| 010 | @a978-7-04-020261-8@dCNY8.60 | |
| 100 | @a20111116d2006 ekmy0 y0120 ea | |
| 102 | @aCN@b130000 | |
| 102 | @aCN@b110000 | |
| 105 | @ay z 000yy | |
| 200 | 1 | @a英语练习册@Aying yu lian xi ce@h上册@f赵雯主编@Fzhao wen zhu bian |
| 210 | @a北京@c高等教育出版社@d2006.08 | |
| 215 | @a81页@d20cm | |
| 606 | 0 | @a教育@x各级 |
| 690 | @aG634.415@v4 | |
| 701 | 0 | @a赵雯@Azhao wen@4主编 |
| 801 | 0 | @aCN@b安徽儒林@c20111116 |
| 905 | @a10447@dG634.415@eZ335 | |
| 906 | @cRCBJ@dCNY9.00@n3@r1 | |
| 英语练习册.上册/赵雯主编.-北京:高等教育出版社,2006.08 |
| 81页;20cm |
| ISBN 978-7-04-020261-8:CNY8.60 |
| ● |
| 相关链接 |
|
|
|
正题名:英语练习册
索取号:G634.415/Z335
 
预约/预借
| 序号 | 登录号 | 条形码 | 馆藏地/架位号 | 状态 | 备注 |
| 1 | 826150 | 208261502 | 社科库409/409社科库 8排4列1层/ [索取号:G634.415/Z335] | 在馆 | |
| 2 | 826151 | 208261511 | 社科库409/409社科库 8排4列1层/ [索取号:G634.415/Z335] | 在馆 | |
| 3 | 826152 | 208261520 | 社科库409/409社科库 8排4列1层/ [索取号:G634.415/Z335] | 在馆 |